000 00529nam a2200181Ia 4500
999 _c8588
_d8588
003 OSt
005 20201008114307.0
008 190216s9999||||xx |||||||||||||| ||und||
040 _coclc
082 _a006.686
_bSIN/L
100 _aSingh, Vishnu Priya
_94373
245 0 _aLearn Yourself Photoshop /
_cVishnu Priya Singh ; Meenakshi Singh
250 _a1st Ed.
260 _bAsian Publishers,
_c1997.
_aDelhi:
300 _a184p
650 _aComputer
942 _cBK
_2ddc
_h006.686
_iSIN/L
_k006.686
_mSIN/L